000 01397nam a22002057a 4500
005 20240814174157.0
008 s2554 th tha d
041 _atha
100 0 _aสำนักงานเลขาธิการวุฒิสภา. สำนักกฎหมาย
245 1 0 _aพระราชบัญญติการบริหารราชการจังหวัดชายแดนภาคใต้ พ.ศ. 2553 พร้อมทั้งสรุปสาระสำคัญ ประวัติ ความเป็นมา กระบวนการ และขั้นตอนในการตราพระราชบัญญัติดังกล่าวของรัฐสภา
260 3 _aกรุงเทพฯ :
_bสำนักกฎหมาย สำนักงานเลขาธิการวุฒิสภา,
_c2554
300 _a310 หน้า;
_b 29 ซม.
650 0 4 _aการบริหารราชการจังหวัดชายแดนภาคใต้ (พ.ร.บ.) -- 2553
850 _aNALT
942 _cLB
997 _aบ 24193 ฉ.1 บ 24194 ฉ.2
997 _c000000000064387
998 _aนางสาวจำเรียง ประสงค์ดี
_j25
_k นีลวัสน์ อินทรักษา
999 _c64387
_d64387
090 _aKE48 ว872พ 2554